O touze po nemožném : a další příběhy našeho nevědomí /

Hlavní autor: Grosz, Stephen, 1952-
Jazyk: Čeština
Vydáno: Praha : Dobrovský, 2013
Vydání: Vyd. 1.
Témata:
Fyzický popis: 224 s. ; 22 cm
Knihy
Uloženo v:
LEADER 01794nam a2200529 a 4500
001 nkc20132520808
003 CZ PrNK
005 20140128093421.0
007 ta
008 131119s2013 xr e f 000 1 cze
015 |a cnb002520808 
020 |a 978-80-7306-560-7  |q (váz.) 
035 |a (OCoLC)870287862 
040 |a OLA001  |b cze  |d ABA001 
041 1 |a cze  |h eng 
072 7 |a 159.96  |x Zvláštní duševní stavy a procesy. Hlubinná psychologie  |2 Konspekt  |9 17 
080 |a 159.964.2  |2 MRF 
080 |a 159.96  |2 MRF 
080 |a 159.942  |2 MRF 
080 |a 615.851.1  |2 MRF 
080 |a 616.1/.9-052-07/-08  |2 MRF 
080 |a (0.062)  |2 MRF 
080 |a (0:82-32)  |2 MRF 
100 1 |a Grosz, Stephen,  |d 1952-  |7 pna2013797739  |4 aut 
245 1 0 |a O touze po nemožném :  |b a další příběhy našeho nevědomí /  |c Stephen Grosz ; [z anglického originálu ... přeložila Anna Grušová] 
250 |a Vyd. 1. 
260 |a Praha :  |b Dobrovský,  |c 2013 
300 |a 224 s. ;  |c 22 cm 
650 0 7 |a psychoanalýza  |7 ph117255  |2 czenas 
650 0 7 |a nevědomí  |7 ph123282  |2 czenas 
650 0 7 |a emoce  |7 ph114465  |2 czenas 
650 0 7 |a kazuistiky (lékařství)  |7 ph122501  |2 czenas 
650 0 9 |a psychoanalysis  |2 eczenas 
650 0 9 |a unconsciousness  |2 eczenas 
650 0 9 |a emotions  |2 eczenas 
650 0 9 |a casuistics  |2 eczenas 
655 7 |a populárně-naučné publikace  |7 fd131864  |2 czenas 
655 7 |a příběhy  |7 fd133204  |2 czenas 
655 9 |a popular works  |2 eczenas 
655 9 |a stories  |2 eczenas 
765 0 |t Examined life  |9 Česky 
910 2 |a BOA001  |b 2-1317.273 
928 9 |a Pavel Dobrovský - Beta 
990 |a BK 
995 |a 01 
991 |b 201401  |c NOV  |e n 
996 6 |b 2610574570  |c 2-1317.273  |l MZK  |r Sklad / do 1 hodiny  |n 1  |p p.v.  |w 001391073  |u 000010  |a 1  |e BOA001  |j MZK50  |s P